000 00528nam a2200181Ia 4500
999 _c29306
_d29306
003 OSt
005 20210106092955.0
008 190216s9999||||xx |||||||||||||| ||und||
020 _a8182643171
040 _coclc
082 _a894.8122
_bSAN/P
100 _aSanjayan
_97071
245 0 _aPranayathinte Thirichadi /
_cSanjayan
260 _bMathrubhumi Printing And Publishing,
_a2006.
_cKozhikode:
300 _a56p
650 _aMalayalam Nadakam
942 _cBK
_2ddc
_h894.8122
_iSAN/P
_k894.8122
_mSAN/P